| 000 | 00848nam a22002297a 4500 | ||
|---|---|---|---|
| 999 |
_c16457 _d16457 |
||
| 003 | AR-CdUCM | ||
| 008 | 190503b ||||| |||| 00| 0 spa d | ||
| 040 |
_aMUNICIPALIDAD PROVINCIAL DEL CUSCO _cBIBLIOTECA MUNICIPAL DEL CUSCO |
||
| 082 |
_a189 / _bP88 |
||
| 100 |
_aPrziwara, Erich _935909 |
||
| 245 | _aEl pensamiento de San Agustín / | ||
| 260 |
_aLima : _bLumen, _c1945. |
||
| 300 |
_axxxvii 491 paginas ; _bIlustraciones, _c25 cm. |
||
| 505 | _aContenido : San Agustín y la filosofía de la plenitud -- La certidumbre intima --Del alma a Dios -- Eterna búsqueda del eterno Dios Fue sera, es... | ||
| 650 |
_aSan Agustín _935910 |
||
| 650 |
_aFe _98820 |
||
| 650 |
_aCriatura creador _935911 |
||
| 650 |
_aFilosofía _9395 |
||
| 700 |
_aDiaz de Tuesta, Victor (Traducción) _935912 |
||
| 942 |
_2ddc _cLIBROS |
||
| 945 |
_awnts _d2019-05-3 |
||